|
|
|
|
| LEADER |
00000cam a2200000 a 4500 |
| 001 |
vtls009526525 |
| 003 |
SK-MaSNL |
| 005 |
20260301150640.0 |
| 008 |
240314s2009 xo odalf a 000 0 slo |
| 015 |
|
|
|a SNBA2009/07-03611
|
| 020 |
|
|
|a 9788097012984
|q (viaz.)
|
| 035 |
|
|
|a 3CCA2C81-4B8E-45C8-A953-615C7A35EBD1
|
| 035 |
|
|
|a urn:nbn:sk:snk-amk8ot
|
| 035 |
|
|
|a urn:nbn:sk:snk-am008cji
|
| 040 |
|
|
|a SNK
|b slo
|c SNK
|e AACR2
|
| 041 |
0 |
|
|a slo
|b eng
|
| 044 |
|
|
|a xo
|c SK
|
| 072 |
|
7 |
|a 616
|x Patológia. Klinická medicína
|2 konspekt
|
| 080 |
|
|
|a 616.36-089
|2 2001
|
| 080 |
|
|
|a 616.36-006.04
|2 2001
|
| 080 |
|
|
|a 616-07
|2 2001
|
| 080 |
|
|
|a 616-006.4-08
|2 2001
|
| 080 |
|
|
|a (048.8)
|2 2001
|
| 100 |
1 |
|
|a Laca, Ľudovít,
|d 1951-
|4 aut
|9 196149
|
| 245 |
1 |
0 |
|a Chirurgia pečene
|c Ľudovít Laca a kolektív
|
| 250 |
|
|
|a 1. vyd.
|
| 260 |
|
|
|a [Martin
|b Osveta]
|c 2009
|
| 300 |
|
|
|a 208 s.
|b fareb. fotogr., grafy, ilustr., mp., sch., tab.
|c 21 cm
|
| 366 |
|
|
|e 500 výt.
|
| 504 |
|
|
|a Bibliogr. s. 164-182. Zoz. skrat., obr., tab. a grafov
|
| 546 |
|
|
|a Res. angl.
|
| 650 |
0 |
7 |
|a chirurgia pečene
|2 SNKPH
|9 112547
|
| 650 |
0 |
7 |
|a rakovina pečene
|2 SNKPH
|9 412395
|
| 650 |
0 |
7 |
|a diagnostika (medicína)
|2 SNKPH
|9 28740
|
| 650 |
0 |
7 |
|a protinádorová terapia
|2 SNKPH
|9 73302
|
| 650 |
0 |
7 |
|a Liver surgery
|2 SNKPHeng
|9 508179
|
| 650 |
0 |
7 |
|a Liver cancer
|2 SNKPHeng
|9 508180
|
| 650 |
0 |
7 |
|a Medical diagnostics
|2 SNKPHeng
|9 268685
|
| 650 |
0 |
7 |
|a Antineoplastic therapy
|2 SNKPHeng
|9 321085
|
| 655 |
|
7 |
|a monografie
|2 SNKPH
|9 70139
|
| 655 |
|
7 |
|a Monographs
|2 SNKPHeng
|9 120675
|
| 700 |
1 |
|
|a Urdzik, Jozef
|4 aut
|9 508181
|
| 700 |
1 |
|
|a Fani, Mazyar
|4 aut
|9 508182
|
| 919 |
|
|
|a 978-80-970129-8-4
|
| 958 |
|
|
|a NB
|
| 958 |
|
|
|a MI
|
| 968 |
|
|
|d 61
|
| 999 |
|
|
|c 784178
|d 786108
|
| 952 |
|
|
|a SNK
|b SNK
|y PREZ
|7 0
|p 17A0623825
|o snkSC 136125
|i snk2009/11018
|8 0
|0 0
|1 0
|4 0
|d 2009-06-16
|l 0
|r 2025-07-02 00:00:00
|w 2026-02-24
|
| 952 |
|
|
|a SNK
|b SNK
|y VYP
|7 0
|p 17A0623824
|o snkSC 136125 D1
|i snk2009/11020
|8 0
|0 0
|1 0
|4 0
|d 2009-06-16
|f 1
|l 0
|r 2026-02-24 01:15:14
|w 2026-02-24
|